000
00206nam a22000977a 4500
999
_c
15926
_d
15926
003
OSt
008
191023b ||||| |||| 00| 0 eng d
100
_a
Chacko,V C.
_9
4408
245
_a
kadinte Vili
942
_c
BK